Prejudicial review (Record no. 80945)

MARC details
000 -LEADER
fixed length control field 00958cab a22002055a 4500
001 - CONTROL NUMBER
control field L145806
008 - FIXED-LENGTH DATA ELEMENTS--GENERAL INFORMATION
fixed length control field 081111e20081024xxk f v 000 0 eng d
035 ## - SYSTEM CONTROL NUMBER
System control number (Sirsi) u145806
041 0# - LANGUAGE CODE
Language code of text/sound track or separate title eng
100 1# - MAIN ENTRY--PERSONAL NAME
Personal name Ross, Jonathan
245 00 - TITLE STATEMENT
Title Prejudicial review
260 ## - PUBLICATION, DISTRIBUTION, ETC.
Date of publication, distribution, etc. 2008
490 ## - SERIES STATEMENT
Series statement Property Week
Volume/sequential designation 73(43) 24 October 2008, 81(1)
520 ## - SUMMARY, ETC.
Summary, etc. Summarises the case of Dadu Ltd v Barrowfen Properties Ltd [2008] EWCH 90110 (Costs), 5 August 2008 (see L145804). A court prevented a landlord from being able to rely on a costs estimate provided by the tenant's solicitor during settlement negotiations in order to reduce its liability for the payment of legal costs to the tenant. Held: the court determined that without prejudice estimates of costs are not admissible in costs proceedings.
590 ## - LOCAL NOTE (RLIN)
Local note KA
650 24 - SUBJECT ADDED ENTRY--TOPICAL TERM
Topical term or geographic name entry element DADU LTD V BARROWFEN PROPERTIES LTD
651 #4 - SUBJECT ADDED ENTRY--GEOGRAPHIC NAME
Geographic name England and Wales
Chronological subdivision 1543-
690 ## - LOCAL SUBJECT ADDED ENTRY--TOPICAL TERM (OCLC, RLIN)
Topical term or geographic name as entry element Dispute resolution
9 (RLIN) 6236
942 ## - ADDED ENTRY ELEMENTS (KOHA)
Suppress in OPAC 0
Holdings
Withdrawn status Lost status Source of classification or shelving scheme Damaged status Not for loan Home library Current library Shelving location Date acquired Total Checkouts Full call number Barcode Date last seen Copy number Price effective from Koha item type
    Dewey Decimal Classification     London London Journal article 11/11/2008   L145806 145806-1001 06/08/2019 1 06/08/2019 Journal article